[Event "Int. Stuttgarter Stadtmeisterschaft B"]
[Site "Ditzingen"]
[Date "2016.05.05"]
[Round "2.18"]
[White "Jäger, Hans-Ulrich"]
[Black "Hrsak, Marco"]
[Result "1-0"]
[WhiteElo "1855"]
[BlackElo "1571"]
[PlyCount "125"]
[EventDate "2016.??.??"]
[WhiteTeam "SC Sillenbuch"]
[BlackTeam "SC Kirchheim/Teck"]

1. e4 c6 2. d4 d5 3. e5 Bf5 4. Nc3 e6 5. g4 Bg6 6. Nge2 Bb4 7. Bd2 c5 8. dxc5
Bxc5 9. Nf4 Qh4 10. Qe2 Bxc2 11. Rc1 Nc6 12. Ng2 Qe7 13. Nb5 Nb4 14. Nd6+ Bxd6
15. exd6 Nd3+ 16. Qxd3 Bxd3 17. dxe7 Bxf1 18. Rxf1 Nxe7 19. Ke2 Nc6 20. f4 O-O
21. Ne3 Rad8 22. Rc5 f6 23. b4 Rd7 24. Rfc1 Rfd8 25. Kf2 e5 26. b5 Nd4 27. Nf5
b6 28. Rc8 Nxb5 29. fxe5 fxe5 30. Ne7+ Kf7 31. Rxd8 Rxd8 32. Nc6 Re8 33. a4 Nd6
34. Bb4 Ne4+ 35. Ke3 a5 36. Rf1+ Ke6 37. Ba3 Nc3 38. Rf5 Nxa4 39. Rxe5+ Kd7 40.
Rxe8 Kxe8 41. Kd4 Kf7 42. Kxd5 Nc3+ 43. Ke5 h6 44. h4 Nd1 45. Nd8+ Kg8 46. Nc6
Kf7 47. Nd8+ Kg8 48. Bc1 Nf2 49. Kf5 b5 50. Nc6 a4 51. Ba3 Nd3 52. Ke4 Nf2+ 53.
Kf5 Nd3 54. h5 Kh8 55. Bd6 Kg8 56. Kg6 Kh8 57. Nb4 Nf2 58. Be5 Nxg4 59. Bxg7+
Kg8 60. Nc6 Ne5+ 61. Nxe5 a3 62. Nf7 a2 63. Nxh6# 1-0

[Event "Int. Stuttgarter Stadtmeisterschaft B"]
[Site "Ditzingen"]
[Date "2016.05.05"]
[Round "2.19"]
[White "Domingos, Antonio"]
[Black "Rudhart, Michael"]
[Result "1-0"]
[WhiteElo "1659"]
[BlackElo "1890"]
[PlyCount "95"]
[EventDate "2016.??.??"]
[BlackTeam "DJK Stuttgart-Süd"]

1. e4 e6 2. d4 d5 3. Nc3 Nf6 4. e5 Nfd7 5. f4 c5 6. Nf3 Nc6 7. Be3 Qb6 8. Nb5
Qa5+ 9. c3 cxd4 10. Nbxd4 Nxd4 11. Bxd4 b5 12. b4 Qa4 13. Qxa4 bxa4 14. Bb5 Bb7
15. Bxa4 a5 16. b5 Be7 17. b6 Rc8 18. Rb1 Bc5 19. O-O Ke7 20. Bxd7 Kxd7 21. Rb2
Bxd4+ 22. cxd4 Rc4 23. Rd1 Rhc8 24. Rdd2 Kc6 25. g4 Rb4 26. f5 Kxb6 27. fxe6
fxe6 28. Rxb4+ axb4 29. Rf2 Rc7 30. Rb2 Ka5 31. Kf2 Ka4 32. Ke2 Ba6+ 33. Ke3
Bc4 34. Kf4 Rf7+ 35. Kg5 Rxf3 36. h4 Ka3 37. Rc2 Rc3 38. Rf2 Bxa2 39. Rf7 b3
40. Rxg7 b2 41. Ra7+ Kb3 42. Rb7+ Kc2 43. Rxb2+ Kxb2 44. Kf6 Rc4 45. Kxe6 Rxd4
46. Kf6 Rxg4 47. e6 Rxh4 48. e7 1-0

[Event "Int. Stuttgarter Stadtmeisterschaft B"]
[Site "Ditzingen"]
[Date "2016.05.05"]
[Round "2.20"]
[White "Schmitz, Harald"]
[Black "Kozina, Vinko"]
[Result "0-1"]
[WhiteElo "1691"]
[BlackElo "1855"]
[PlyCount "60"]
[EventDate "2016.??.??"]
[WhiteTeam "SC Aidlingen"]
[BlackTeam "TSV/RSK Esslingen"]

1. e4 c5 2. c3 d5 3. exd5 Qxd5 4. Nf3 e5 5. c4 Qe6 6. Nc3 e4 7. Ng5 Qe5 8. Nh3
Nc6 9. Be2 Bxh3 10. gxh3 Nf6 11. Qa4 h5 12. Nd1 O-O-O 13. Ne3 Kb8 14. a3 Nd4
15. Rb1 Rd6 16. b4 Ra6 17. Qd1 Be7 18. Bb2 Rd8 19. b5 Rad6 20. Bc3 g6 21. a4
Qf4 22. Ng2 Qf5 23. Ba5 R8d7 24. Ne3 Qxh3 25. Bf1 Nf3+ 26. Ke2 Qh4 27. h3 Rd3
28. Bg2 Rxd2+ 29. Bxd2 Rxd2+ 30. Qxd2 Nxd2 0-1

[Event "Int. Stuttgarter Stadtmeisterschaft B"]
[Site "Ditzingen"]
[Date "2016.05.05"]
[Round "2.22"]
[White "Fais, Sami"]
[Black "Kappus, Holger"]
[Result "1/2-1/2"]
[WhiteElo "1827"]
[BlackElo "1652"]
[PlyCount "73"]
[EventDate "2016.??.??"]
[WhiteTeam "VfL Sindelfingen"]
[BlackTeam "SC Pforzheim"]

1. d4 Nf6 2. Nf3 e6 3. c4 b6 4. Nc3 Bb4 5. Qc2 Bxc3+ 6. bxc3 Bb7 7. Bg5 h6 8.
Bh4 d6 9. e3 Nbd7 10. Bd3 c5 11. e4 g5 12. Bg3 Qe7 13. e5 dxe5 14. dxe5 Nh5 15.
Be4 Bxe4 16. Qxe4 O-O 17. Qg4 Nxg3 18. hxg3 Kg7 19. O-O-O f5 20. Rxd7 Qxd7 21.
Qh5 Rh8 22. Nxg5 Qe7 23. Nh3 Rad8 24. Nf4 Qf7 25. Qf3 Kf8 26. Qc6 Ke7 27. a4 h5
28. a5 Rh6 29. axb6 axb6 30. Qxb6 Qe8 31. Qxc5+ Kf7 32. Qa7+ Rd7 33. Qa6 Qb8
34. Qc6 Qa7 35. Qb5 Rb7 36. Qc6 Rb6 37. Qc8 1/2-1/2

[Event "Int. Stuttgarter Stadtmeisterschaft B"]
[Site "Ditzingen"]
[Date "2016.05.05"]
[Round "2.23"]
[White "Limley, Gerhard"]
[Black "Häfele, Torsten"]
[Result "0-1"]
[WhiteElo "1606"]
[BlackElo "1825"]
[PlyCount "94"]
[EventDate "2016.??.??"]
[WhiteTeam "SV Dicker Turm Esslingen"]
[BlackTeam "SF Illingen"]

1. d4 f5 2. c4 d6 3. Nf3 Nf6 4. Nc3 g6 5. e3 Bg7 6. Be2 O-O 7. O-O c6 8. Qc2
Qe8 9. Rd1 Na6 10. a3 h6 11. Ne1 e5 12. b4 e4 13. Bb2 d5 14. cxd5 cxd5 15. b5
Nc7 16. Nxe4 Nxb5 17. Nxf6+ Bxf6 18. Qc5 a6 19. Qxd5+ Kg7 20. Rac1 Qf7 21. Bc4
Qe7 22. a4 Nc7 23. Qa5 Rd8 24. Be2 Nd5 25. Bf3 b6 26. Qd2 Bb7 27. Rc2 Rac8 28.
Rdc1 Rxc2 29. Rxc2 Rd7 30. Qc1 f4 31. e4 Nb4 32. e5 Bg5 33. Rc4 Bxf3 34. Nxf3
Nd3 35. Qc2 Nxb2 36. Qxb2 Qe6 37. Qc2 Bd8 38. Rc6 Qe8 39. h3 b5 40. axb5 axb5
41. Qb3 Rb7 42. e6 Qxc6 43. d5 Qd6 44. Nd4 b4 45. Nc6 Bf6 46. Na5 Rb5 47. Nc6
Rxd5 0-1

[Event "Int. Stuttgarter Stadtmeisterschaft B"]
[Site "Ditzingen"]
[Date "2016.05.05"]
[Round "2.24"]
[White "Dendic, Amar"]
[Black "Schneider, Waldemar"]
[Result "0-1"]
[WhiteElo "1604"]
[BlackElo "1818"]
[PlyCount "106"]
[EventDate "2016.??.??"]
[WhiteTeam "Stuttgarter SF"]
[BlackTeam "SC Pforzheim"]

1. e4 e5 2. Nf3 Nc6 3. Bc4 Bc5 4. c3 Nf6 5. d3 d6 6. Nbd2 O-O 7. O-O a6 8. Bb3
Qe7 9. Re1 Bb6 10. Nf1 Be6 11. Bc2 Bg4 12. h3 Bh5 13. Ng3 Bg6 14. d4 Rad8 15.
d5 Nb8 16. Nh4 h6 17. Nhf5 Qd7 18. Qf3 c6 19. Nxh6+ gxh6 20. Qxf6 Kh7 21. Nf5
Rg8 22. Nxh6 Rdf8 23. Nxg8 Rxg8 24. Qg5 Rh8 25. Qg3 cxd5 26. Bd1 dxe4 27. Bg5
Qe6 28. Bg4 f5 29. Be2 f4 30. Qh2 Kg7 31. h4 Nd7 32. h5 f3 33. h6+ Kh7 34. gxf3
exf3 35. Bxf3 Rf8 36. Qg3 e4 37. Re2 d5 38. Bg4 Qe5 39. Bf4 Rxf4 40. Bxd7 Rxf2
41. Qxe5 Rf5+ 42. Kh1 Rxe5 43. Bc8 Rh5+ 44. Rh2 Rg5 45. Bxb7 e3 46. Re2 Be4+
47. Kh2 Bc7+ 48. Kh3 Rg3+ 49. Kh4 Bd3 50. Ree1 Rg6 51. Rg1 Bd8+ 52. Kh3 Bf5+
53. Kh2 Bc7+ 0-1

[Event "Int. Stuttgarter Stadtmeisterschaft B"]
[Site "Ditzingen"]
[Date "2016.05.05"]
[Round "2.25"]
[White "Lehmann, Joachim"]
[Black "Kobald, Jacqueline"]
[Result "1-0"]
[WhiteElo "1806"]
[BlackElo "1559"]
[PlyCount "113"]
[EventDate "2016.??.??"]
[WhiteTeam "Ilmenauer SV"]
[BlackTeam "SV Stuttgart-Wolfbusch"]

1. d4 Nf6 2. c4 g6 3. Nc3 Bg7 4. e4 d6 5. f3 O-O 6. Bd3 Nc6 7. Nge2 e5 8. d5
Ne7 9. Be3 Ne8 10. O-O f5 11. exf5 gxf5 12. b4 f4 13. Bf2 Nf5 14. Ne4 Nf6 15.
g4 Nxe4 16. Bxe4 Nh6 17. h3 Bf6 18. Kh2 Kh8 19. Kg1 Rg8 20. Qc2 Qe7 21. Rac1
Rg7 22. c5 Nf7 23. c6 b6 24. b5 Ng5 25. Nc3 Rg8 26. Kg2 Qg7 27. Rh1 Qe7 28. Kf1
Kg7 29. h4 Nxe4 30. Nxe4 Kf8 31. Ke2 h5 32. g5 Bh8 33. Rhg1 Bf5 34. Qc4 Qh7 35.
a4 Bxe4 36. Qxe4 Qxe4+ 37. fxe4 Ke7 38. Ra1 a5 39. bxa6 Rxa6 40. Be1 b5 41. a5
Rb8 42. Bb4 Rf8 43. Kf3 Bg7 44. Rg2 Kf7 45. Rb2 Rb8 46. Rab1 Ke7 47. Bd2 Rd8
48. Rxb5 Rc8 49. Rb8 Ra8 50. Rxc8 Rxc8 51. Ra1 Rb8 52. a6 Rc8 53. a7 Bh8 54.
Be1 Bg7 55. Bf2 Bh8 56. Rg1 Rd8 57. g6 1-0

[Event "Int. Stuttgarter Stadtmeisterschaft B"]
[Site "Ditzingen"]
[Date "2016.05.05"]
[Round "2.26"]
[White "Stegmiller, Dennis"]
[Black "Santiago, Nicolas"]
[Result "1/2-1/2"]
[WhiteElo "1454"]
[BlackElo "1785"]
[PlyCount "71"]
[EventDate "2016.??.??"]
[WhiteTeam "TSF Ditzingen"]
[BlackTeam "SC Kreut"]

1. d4 d5 2. c4 e6 3. g3 Nf6 4. Bg2 Bb4+ 5. Bd2 Bxd2+ 6. Qxd2 O-O 7. Nf3 c6 8.
b3 Nbd7 9. Nc3 Re8 10. O-O Nb6 11. Ne5 Nfd7 12. Nxd7 Bxd7 13. c5 Nc8 14. e4
dxe4 15. Nxe4 e5 16. Rad1 f5 17. Nc3 e4 18. d5 Ne7 19. d6 Ng6 20. Rfe1 Ne5 21.
Re3 b6 22. Na4 b5 23. Nc3 Nd3 24. b4 Nxb4 25. Nxb5 Nd5 26. Ra3 cxb5 27. Qxd5+
Be6 28. Qd2 Qd7 29. Rc1 Rec8 30. f3 Bc4 31. fxe4 Rxc5 32. exf5 Rd8 33. Ra5 Qxd6
34. Qxd6 Rxd6 35. Rxa7 Rxf5 36. Re1 1/2-1/2

[Event "Int. Stuttgarter Stadtmeisterschaft B"]
[Site "Ditzingen"]
[Date "2016.05.05"]
[Round "2.27"]
[White "Hahn, Martin"]
[Black "Forster, Lukas"]
[Result "1-0"]
[WhiteElo "1784"]
[BlackElo "1600"]
[PlyCount "75"]
[EventDate "2016.??.??"]
[WhiteTeam "SF Oeffingen"]
[BlackTeam "Stuttgarter SF"]

1. b3 Nf6 2. Bb2 g6 3. Bxf6 exf6 4. c4 f5 5. Nc3 Bg7 6. Rc1 O-O 7. g3 d6 8. e3
Nd7 9. Nge2 Nc5 10. d4 Ne4 11. Bg2 Re8 12. Qc2 Qe7 13. O-O c6 14. Rfe1 g5 15.
Nxe4 fxe4 16. Nc3 f5 17. f3 exf3 18. Bxf3 f4 19. exf4 Bxd4+ 20. Kg2 Qxe1 21.
Rxe1 Rxe1 22. Ne2 Bf6 23. Qd2 Ra1 24. fxg5 Be7 25. Qe3 Kf8 26. Qd4 Rxa2 27.
Qh8+ Kf7 28. Bh5+ Ke6 29. Bg4+ Kf7 30. Qxh7+ Ke8 31. Qg8+ Bf8 32. Bh5+ Kd8 33.
Qxf8+ Kc7 34. Qe7+ Bd7 35. Bg4 Rd8 36. Kf3 Rxe2 37. Qxe2 Re8 38. Qd1 1-0

[Event "Int. Stuttgarter Stadtmeisterschaft B"]
[Site "Ditzingen"]
[Date "2016.05.05"]
[Round "2.28"]
[White "Auterhoff, Jürgen"]
[Black "Langer, Helmut"]
[Result "0-1"]
[WhiteElo "1772"]
[BlackElo "1577"]
[PlyCount "90"]
[EventDate "2016.??.??"]
[WhiteTeam "SC Pasing"]
[BlackTeam "SC Magstadt"]

1. e4 e6 2. d4 d5 3. Nd2 Bd7 4. Bd3 c5 5. c3 dxe4 6. Bxe4 Bc6 7. Ne2 Nf6 8.
Bxc6+ Nxc6 9. Nf3 cxd4 10. Nexd4 Nxd4 11. Qxd4 Qxd4 12. Nxd4 a6 13. Bg5 Be7 14.
O-O-O Ne4 15. Bxe7 Kxe7 16. Rhf1 Rad8 17. f3 Nd6 18. Rfe1 Nb5 19. Nxb5 Rxd1+
20. Rxd1 axb5 21. a3 Rd8 22. Rxd8 Kxd8 23. Kd2 Kd7 24. Kd3 Kd6 25. c4 Kc5 26.
b4+ Kc6 27. f4 f6 28. Kd4 bxc4 29. Kxc4 b5+ 30. Kd4 Kd6 31. g4 g6 32. Ke4 e5
33. h4 exf4 34. Kxf4 Kd5 35. h5 Kc4 36. hxg6 hxg6 37. g5 f5 38. Ke5 Kb3 39. Kf6
f4 40. Kxg6 f3 41. Kh6 f2 42. g6 f1=Q 43. g7 Qh3+ 44. Kg6 Qg3+ 45. Kh7 Qxg7+
0-1

[Event "Int. Stuttgarter Stadtmeisterschaft B"]
[Site "Ditzingen"]
[Date "2016.05.05"]
[Round "2.29"]
[White "Sax, Leon"]
[Black "Matic, Marijo"]
[Result "1/2-1/2"]
[WhiteElo "1727"]
[BlackElo "1567"]
[PlyCount "43"]
[EventDate "2016.??.??"]
[WhiteTeam "SK Sachsenheim"]
[BlackTeam "SC Ostfildern"]

1. e4 e5 2. Bc4 Nf6 3. Nf3 Be7 4. Nxe5 O-O 5. d3 d6 6. Nf3 Nc6 7. h3 h6 8. c3
Ne5 9. Nxe5 dxe5 10. Nd2 c6 11. Nf3 Qc7 12. Be3 b5 13. Bb3 Rd8 14. Qc2 c5 15.
O-O Bb7 16. c4 a6 17. Rfd1 b4 18. a3 a5 19. a4 Nd7 20. Qe2 Nf8 21. Bc2 Ra6 22.
Kh1 1/2-1/2

[Event "Int. Stuttgarter Stadtmeisterschaft B"]
[Site "Ditzingen"]
[Date "2016.05.05"]
[Round "2.30"]
[White "Gläser, Hartmut"]
[Black "Yi, Wendy"]
[Result "0-1"]
[WhiteElo "1741"]
[BlackElo "1559"]
[PlyCount "56"]
[EventDate "2016.??.??"]
[WhiteTeam "PTSV Halle"]
[BlackTeam "SF Kornwestheim"]

1. b4 e5 2. b5 d5 3. Bb2 Bd6 4. e3 Nf6 5. c4 Bg4 6. f3 Be6 7. Qc2 Nbd7 8. d4
Bb4+ 9. Bc3 Bxc3+ 10. Qxc3 exd4 11. Qxd4 c5 12. bxc6 bxc6 13. Nd2 O-O 14. Ne2
Re8 15. Nc3 c5 16. Qf4 Nh5 17. Qd6 d4 18. Nd1 Rb8 19. Qa6 Ne5 20. Ne4 Qh4+ 21.
Kd2 dxe3+ 22. Kxe3 Qf4+ 23. Kf2 Rbd8 24. Qa4 Bf5 25. Qc2 Bxe4 26. Qxe4 Ng4+ 27.
Kg1 Rxe4 28. fxe4 Rxd1 0-1

[Event "Int. Stuttgarter Stadtmeisterschaft B"]
[Site "Ditzingen"]
[Date "2016.05.05"]
[Round "2.31"]
[White "Gheng, Christian"]
[Black "Sinner, Viktor"]
[Result "1-0"]
[WhiteElo "1740"]
[BlackElo "1533"]
[PlyCount "55"]
[EventDate "2016.??.??"]
[WhiteTeam "Schach-Kids Bernhausen"]
[BlackTeam "TSV/RSK Esslingen"]

1. e4 c6 2. d4 d5 3. exd5 cxd5 4. c4 Nc6 5. Nc3 dxc4 6. d5 Ne5 7. Bf4 Ng6 8.
Bg3 e5 9. Bxc4 a6 10. Nf3 Bd6 11. Qe2 Qe7 12. O-O Nh6 13. Ne4 f6 14. Nxd6+ Qxd6
15. Rac1 b5 16. Bb3 Bb7 17. Nh4 Ne7 18. a4 b4 19. Rfd1 O-O 20. Rc6 Qd7 21. d6+
Rf7 22. Rc7 Qd8 23. Rxe7 Bc8 24. Bxf7+ Nxf7 25. Qc4 Qf8 26. d7 Bb7 27. d8=Q g6
28. Qxf7+ 1-0

[Event "Int. Stuttgarter Stadtmeisterschaft B"]
[Site "Ditzingen"]
[Date "2016.05.05"]
[Round "2.32"]
[White "Uhlarz, Jörg"]
[Black "Wohlt, Harald"]
[Result "1-0"]
[WhiteElo "1592"]
[BlackElo "1735"]
[PlyCount "65"]
[EventDate "2016.??.??"]
[WhiteTeam "SC Mühlacker"]
[BlackTeam "Stuttgarter SF"]

1. d4 Nf6 2. c4 g6 3. Nc3 d5 4. Nf3 Bg7 5. g3 O-O 6. Bg2 c5 7. cxd5 cxd4 8.
Nxd4 Qa5 9. O-O Rd8 10. e4 e6 11. Bd2 Qb6 12. Be3 exd5 13. Ndb5 d4 14. Bxd4 Qa5
15. Qb3 a6 16. Bxf6 Bxf6 17. Na3 Be6 18. Nd5 Bxd5 19. exd5 Nd7 20. Nc4 Qc5 21.
Rac1 Qa7 22. Qf3 Kg7 23. b3 b5 24. Na5 Ne5 25. Qe3 Qxe3 26. fxe3 Ng4 27. Rf3
Bg5 28. Rc7 Ne5 29. Rf4 Bxf4 30. exf4 Rd7 31. d6 Ra7 32. Rxa7 Rxa7 33. fxe5 1-0

[Event "Int. Stuttgarter Stadtmeisterschaft B"]
[Site "Ditzingen"]
[Date "2016.05.05"]
[Round "2.33"]
[White "Braun, Tobias"]
[Black "Bauer, Frank"]
[Result "0-1"]
[WhiteElo "1732"]
[BlackElo "1490"]
[PlyCount "38"]
[EventDate "2016.??.??"]
[WhiteTeam "SSV Zuffenhausen"]
[BlackTeam "SC Feuerbach"]

1. d4 f5 2. c4 e6 3. Nf3 Nf6 4. g3 Be7 5. Bg2 O-O 6. Nc3 d6 7. O-O Qe8 8. Qc2
Qh5 9. Re1 Nc6 10. d5 Nb4 11. Qb3 e5 12. Qxb4 f4 13. Nb5 Bh3 14. Qb3 Ng4 15.
Bh1 e4 16. gxf4 exf3 17. Bxf3 Rf6 18. Kh1 Nxf2+ 19. Kg1 Qh4 0-1

[Event "Int. Stuttgarter Stadtmeisterschaft B"]
[Site "Ditzingen"]
[Date "2016.05.05"]
[Round "2.34"]
[White "Kusch, Jacek"]
[Black "Butenandt, Svenja"]
[Result "1/2-1/2"]
[WhiteElo "1720"]
[BlackElo "1451"]
[PlyCount "77"]
[EventDate "2016.??.??"]
[WhiteTeam "SV Urach"]
[BlackTeam "TV Tegernsee"]

1. e4 d5 2. exd5 Qxd5 3. Nc3 Qd8 4. Nf3 Bg4 5. Bc4 e6 6. d4 c6 7. Be3 Nf6 8. a3
Be7 9. Bd3 O-O 10. Qd2 Nbd7 11. h3 Bh5 12. O-O-O Nd5 13. Nxd5 cxd5 14. g4 Bg6
15. h4 Bxd3 16. Qxd3 Rc8 17. Bg5 Nb6 18. Bxe7 Qxe7 19. Ng5 g6 20. f4 Qc7 21.
Qd2 Nc4 22. Qf2 Qb6 23. c3 Qb3 24. Rd3 Rc6 25. h5 Rb6 26. hxg6 hxg6 27. Rdh3
Kg7 28. Nxe6+ fxe6 29. Rh7+ Kg8 30. Rh8+ Kf7 31. Rxf8+ Kxf8 32. Rh2 Ke7 33.
Qh4+ Kd7 34. Qf6 Kc6 35. Qxe6+ Kb5 36. Qxd5+ Ka6 37. f5 gxf5 38. gxf5 Qa2 39.
Qh1 1/2-1/2

[Event "Int. Stuttgarter Stadtmeisterschaft B"]
[Site "Ditzingen"]
[Date "2016.05.05"]
[Round "2.35"]
[White "Meinecke, Klaus-Hinrich"]
[Black "Sprenger, Klaus"]
[Result "1/2-1/2"]
[WhiteElo "1783"]
[BlackElo "1419"]
[PlyCount "156"]
[EventDate "2016.??.??"]
[WhiteTeam "TSV Münchingen"]
[BlackTeam "TSF Ditzingen"]

1. e4 Nc6 2. d4 e5 3. d5 Nce7 4. c4 d6 5. Nc3 a6 6. Be3 Ng6 7. Qd2 Be7 8. Nge2
Nf6 9. h3 Bd7 10. f4 exf4 11. Nxf4 Nxf4 12. Bxf4 Nh5 13. Qf2 Nxf4 14. Qxf4 Bg5
15. Qf3 Qe7 16. Bd3 Bh4+ 17. g3 Bf6 18. Bc2 b5 19. cxb5 axb5 20. Kf1 b4 21. Nd1
O-O 22. Kg2 Ra5 23. Bb3 Ba4 24. Re1 Be5 25. Re2 Rfa8 26. Rb1 Bxb3 27. Qxb3 Rxa2
28. Qxb4 g6 29. Nf2 Ra1 30. Ree1 R1a4 31. Qb3 Qg5 32. Qe3 Qf6 33. Ng4 Qg7 34.
Nxe5 Qxe5 35. Qf3 Re8 36. b4 Ra2+ 37. Kh1 Rb2 38. Rxb2 Qxb2 39. Qf4 Qxb4 40.
Rf1 Qxe4+ 41. Qxe4 Rxe4 42. Rc1 Rd4 43. Rxc7 Rxd5 44. Kg2 Kg7 45. Kf2 Kf6 46.
Ke3 Ke6 47. Kf4 Kf6 48. Ke4 Rc5 49. Rd7 Ke6 50. Rd8 h5 51. g4 hxg4 52. hxg4
Rc4+ 53. Kf3 d5 54. Rf8 Kf6 55. g5+ Ke7 56. Ra8 Rc7 57. Kf4 d4 58. Ra4 d3 59.
Re4+ Kf8 60. Rd4 Rc3 61. Ke3 Kg7 62. Kf4 Kf8 63. Ke3 Ke7 64. Re4+ Kd6 65. Rf4
Ke6 66. Rf6+ Ke7 67. Rf4 d2+ 68. Kxd2 Rg3 69. Re4+ Kd6 70. Rf4 Rxg5 71. Rxf7
Ke6 72. Rf3 Rf5 73. Re3+ Re5 74. Rf3 g5 75. Kc2 Re4 76. Kc3 Rf4 77. Rxf4 gxf4
78. Kd3 Kf5 1/2-1/2

[Event "Int. Stuttgarter Stadtmeisterschaft B"]
[Site "Ditzingen"]
[Date "2016.05.05"]
[Round "2.36"]
[White "Schreiber, Winfried"]
[Black "Behm, Wilfried"]
[Result "1-0"]
[WhiteElo "1575"]
[BlackElo "1828"]
[PlyCount "99"]
[EventDate "2016.??.??"]
[BlackTeam "SV Stuttgart-Wolfbusch"]

1. c4 e5 2. Nc3 Nf6 3. Nf3 Nc6 4. g3 Bc5 5. Bg2 a6 6. O-O d6 7. e3 O-O 8. d4
exd4 9. exd4 Ba7 10. Re1 Ne7 11. Bg5 Ng6 12. Nd5 c6 13. Nxf6+ gxf6 14. Bh6 Re8
15. Qd2 Be6 16. b3 Qd7 17. Rac1 Re7 18. Re2 Rae8 19. Rce1 d5 20. c5 Bb8 21. h4
Bg4 22. Rxe7 Rxe7 23. Rxe7 Qxe7 24. Kh2 Bxf3 25. Bxf3 Nxh4 26. Qd1 Ng6 27. Bh5
f5 28. f4 Qe3 29. Qe2 Qxe2+ 30. Bxe2 f6 31. Bh5 Kf7 32. Kg2 Bc7 33. b4 a5 34.
a3 b5 35. Kf3 a4 36. g4 fxg4+ 37. Kxg4 Bd8 38. f5 Be7 39. Kf3 Bd8 40. Bd2 Kg7
41. fxg6 hxg6 42. Bg4 f5 43. Bh3 Kf6 44. Bf4 g5 45. Be5+ Kg6 46. Bf1 g4+ 47.
Kg2 Kg5 48. Kg3 Kh5 49. Kg2 Bg5 50. Bxb5 1-0

[Event "Int. Stuttgarter Stadtmeisterschaft B"]
[Site "Ditzingen"]
[Date "2016.05.05"]
[Round "2.37"]
[White "Kast, Larissa"]
[Black "Rieder, Josef"]
[Result "0-1"]
[WhiteElo "1567"]
[BlackElo "1771"]
[PlyCount "108"]
[EventDate "2016.??.??"]
[WhiteTeam "SK Ettlingen"]
[BlackTeam "Stuttgarter SF"]

1. e4 c5 2. Nf3 d6 3. d4 cxd4 4. Nxd4 Nf6 5. f3 g6 6. c4 Bg7 7. Nc3 O-O 8. Be3
Nc6 9. Qd2 Re8 10. Be2 a6 11. b3 Bd7 12. O-O Qa5 13. a3 Rac8 14. b4 Qc7 15.
Rfc1 Ne5 16. Rab1 Qb8 17. b5 axb5 18. cxb5 Nc4 19. Bxc4 Rxc4 20. a4 Rec8 21. a5
Ne8 22. Nde2 Nc7 23. Nd5 Nxd5 24. Qxd5 Be6 25. Qd2 Bd7 26. Qd3 Be6 27. Nf4 Rc3
28. Qd2 Qc7 29. Nxe6 fxe6 30. b6 Qc4 31. Kh1 Bd4 32. Rxc3 Bxc3 33. Qd1 d5 34.
exd5 exd5 35. Rc1 d4 36. Bxd4 Rd8 37. Qe1 Qxd4 38. Qe2 Bxa5 39. Qa2+ Qd5 40.
Qxd5+ Rxd5 41. Rb1 Bxb6 42. g3 Rd6 43. Kg2 Kf7 44. Kf1 Ke6 45. Ke2 Kd7 46. f4
Kc6 47. Rc1+ Bc5 48. Kf3 h5 49. h4 Rd3+ 50. Kg2 b5 51. g4 hxg4 52. f5 gxf5 53.
h5 Rh3 54. h6 Rxh6 0-1

[Event "Int. Stuttgarter Stadtmeisterschaft B"]
[Site "Ditzingen"]
[Date "2016.05.05"]
[Round "2.38"]
[White "Khadempour, Parviz"]
[Black "Strauss, Martin"]
[Result "0-1"]
[WhiteElo "1558"]
[BlackElo "1759"]
[PlyCount "90"]
[EventDate "2016.??.??"]
[WhiteTeam "SV Reutlingen"]
[BlackTeam "SC Sillenbuch"]

1. e3 e5 2. d4 exd4 3. exd4 d5 4. Bd3 Nf6 5. Nf3 Bg4 6. h3 Bh5 7. O-O Be7 8.
Bf4 Nc6 9. c3 Ne4 10. Nbd2 Nxd2 11. Bxd2 O-O 12. Re1 Bg6 13. Bf4 Bxd3 14. Qxd3
Bf6 15. Re2 Ne7 16. Rae1 Ng6 17. Bg3 Qd7 18. Qc2 c6 19. Ne5 Bxe5 20. dxe5 Rae8
21. f4 Ne7 22. Bh2 g6 23. e6 fxe6 24. Rxe6 Nf5 25. R6e5 Nd6 26. b3 Ne4 27. Qd3
Rxe5 28. fxe5 Qe7 29. Qe3 Qc5 30. Qxc5 Nxc5 31. e6 Ne4 32. Rxe4 dxe4 33. Bd6
Re8 34. e7 Kf7 35. Kf2 Ke6 36. Ba3 b6 37. Ke3 c5 38. Kxe4 Rxe7 39. c4 Kd6+ 40.
Kf3 Re1 41. b4 Ra1 42. bxc5+ bxc5 43. Bb2 Rxa2 44. Bg7 Rc2 45. Bf8+ Kc6 0-1

[Event "Int. Stuttgarter Stadtmeisterschaft B"]
[Site "Ditzingen"]
[Date "2016.05.05"]
[Round "2.39"]
[White "Blum, Michael"]
[Black "Gorb, Eugeniusz"]
[Result "0-1"]
[WhiteElo "1537"]
[BlackElo "1691"]
[PlyCount "75"]
[EventDate "2016.??.??"]
[WhiteTeam "SC Aidlingen"]
[BlackTeam "SK Sachsenheim"]

1. e4 e6 2. d4 d5 3. Nc3 Bb4 4. e5 c5 5. Qg4 g6 6. a3 Bxc3+ 7. bxc3 Nc6 8. a4
Nge7 9. a5 Nxa5 10. Ba3 Nac6 11. Bxc5 b6 12. Ba3 a5 13. Bb5 Bd7 14. Qf4 Nf5 15.
Nf3 Nce7 16. Bxd7+ Qxd7 17. g4 Ng7 18. Qh6 Rg8 19. Qg5 Qc7 20. Nd2 Ra7 21. Qe3
Rf8 22. Bd6 Qc6 23. O-O f5 24. f3 Rf7 25. Qd3 Nc8 26. h3 Nxd6 27. exd6 Qxd6 28.
f4 fxg4 29. Qb5+ Rad7 30. hxg4 Rxf4 31. Rxf4 Qxf4 32. Qe2 Qg3+ 33. Kh1 Qxc3 34.
Rf1 Qxd4 35. Qf3 Qc5 36. Nb3 Qe7 37. Nd4 e5 38. Qe2 0-1

[Event "Int. Stuttgarter Stadtmeisterschaft B"]
[Site "Ditzingen"]
[Date "2016.05.05"]
[Round "2.40"]
[White "Duran, Suat"]
[Black "Petitto, Francesco"]
[Result "1-0"]
[WhiteElo "1687"]
[BlackElo "1595"]
[PlyCount "97"]
[EventDate "2016.??.??"]
[WhiteTeam "SV Dicker Turm Esslingen"]
[BlackTeam "SK Sontheim/Brenz"]

1. d4 Nf6 2. Nf3 g6 3. Bf4 Bg7 4. e3 O-O 5. Nbd2 b6 6. Bd3 d5 7. c4 Ba6 8. Qc2
Nc6 9. a3 Na5 10. Rc1 Rc8 11. c5 Bxd3 12. Qxd3 Nc6 13. O-O Nd7 14. Qb5 Ncb8 15.
c6 Nf6 16. Qa4 a6 17. Nb3 Nh5 18. Be5 f6 19. Bg3 Nxg3 20. hxg3 Qd6 21. Nbd2 e5
22. dxe5 fxe5 23. e4 d4 24. Qc4+ Kh8 25. b4 Rf6 26. b5 axb5 27. Qxb5 Bh6 28.
Nxe5 Bxd2 29. Nc4 Qxc6 30. Qxc6 Rxc6 31. Nxd2 Rxc1 32. Rxc1 c5 33. Nc4 Nd7 34.
a4 Ra8 35. e5 Re8 36. f4 Kg8 37. Kf2 Kf8 38. Kf3 Kf7 39. g4 Ra8 40. Rh1 Rxa4
41. Rxh7+ Kf8 42. Nd6 Ra3+ 43. Ke4 Re3+ 44. Kd5 d3 45. Rxd7 d2 46. Ke6 Rxe5+
47. fxe5 d1=Q 48. Rd8+ Kg7 49. Ne8+ 1-0

[Event "Int. Stuttgarter Stadtmeisterschaft B"]
[Site "Ditzingen"]
[Date "2016.05.05"]
[Round "2.41"]
[White "Krebs, Thomas"]
[Black "Weisensel, Wolfgang"]
[Result "1/2-1/2"]
[WhiteElo "1508"]
[BlackElo "1685"]
[PlyCount "111"]
[EventDate "2016.??.??"]
[WhiteTeam "SK Gerlingen"]
[BlackTeam "Stuttgarter SF"]

1. e4 e5 2. Nf3 Nc6 3. Bb5 Nf6 4. d3 d6 5. c3 Be7 6. O-O Bd7 7. Re1 O-O 8. Bg5
a6 9. Ba4 b5 10. Bc2 Bg4 11. Nbd2 h6 12. Be3 Be6 13. d4 Bd7 14. d5 Na5 15. b4
Nb7 16. a4 a5 17. axb5 Bxb5 18. c4 Bd7 19. b5 Ng4 20. h3 Nxe3 21. Rxe3 Bg5 22.
Rea3 Bxd2 23. Nxd2 Qg5 24. Qe2 f5 25. exf5 Bxf5 26. Bxf5 Qxf5 27. Nb3 Qf4 28.
Nxa5 Nxa5 29. Rxa5 Rxa5 30. Rxa5 Qc1+ 31. Kh2 Qf4+ 32. Kg1 Qc1+ 33. Qf1 Qxf1+
34. Kxf1 Rf4 35. Ra4 Rd4 36. Ke2 g5 37. Rb4 Kg7 38. b6 cxb6 39. Rxb6 Rxc4 40.
Rxd6 Rd4 41. g4 Kh7 42. Rd8 Kg7 43. d6 Kh7 44. Ke3 Kg7 45. d7 Kh7 46. Re8 Rxd7
47. Rxe5 Rf7 48. h4 Kg6 49. f3 Rf6 50. hxg5 hxg5 51. Re4 Rd6 52. f4 gxf4+ 53.
Kxf4 Rc6 54. g5 Rb6 55. Kg4 Rc6 56. Kf4 1/2-1/2

[Event "Int. Stuttgarter Stadtmeisterschaft B"]
[Site "Ditzingen"]
[Date "2016.05.05"]
[Round "2.42"]
[White "Kußmann, Alexander"]
[Black "Richter, Gerrit"]
[Result "1-0"]
[WhiteElo "1681"]
[BlackElo "1561"]
[PlyCount "47"]
[EventDate "2016.??.??"]
[WhiteTeam "SC Aidlingen"]
[BlackTeam "TSV/RSK Esslingen"]

1. e3 d5 2. c4 Nf6 3. Nf3 c5 4. cxd5 Nxd5 5. Nc3 Bg4 6. Qa4+ Bd7 7. Bb5 e6 8.
O-O a6 9. Bxd7+ Nxd7 10. Nxd5 exd5 11. Qb3 Nb6 12. d3 c4 13. dxc4 Nxc4 14. Re1
b5 15. a4 Qa5 16. e4 Be7 17. exd5 Rd8 18. d6 Rxd6 19. Bf4 Rf6 20. axb5 Qxb5 21.
Qxb5+ axb5 22. Bg5 Re6 23. Rxe6 fxe6 24. Ra8+ 1-0